[Event "GRE-chT 49th"]
[Site "Thessaloniki"]
[Date "2022.08.13"]
[Round "3"]
[White "Koudounis, Vasileios"]
[Black "Stamoulas, Nikos"]
[Result "1-0"]
[WhiteElo "2030"]
[BlackElo "1957"]
[PlyCount "65"]
[EventDate "2022.08.12"]
[EventType "team-swiss"]
[EventRounds "7"]
[EventCountry "GRE"]
[SourceTitle "EXT 2024"]
[Source "ChessBase"]
[SourceDate "2023.10.10"]
[SourceVersion "1"]
[SourceVersionDate "2023.10.10"]
[SourceQuality "1"]
[WhiteTeam "Eso Papafe Chronikon"]
[BlackTeam "Xanthis"]
[WhiteTeamCountry "GRE"]
[BlackTeamCountry "GRE"]

1. d4 d5 2. c4 c6 3. Nc3 Nf6 4. e3 Bf5 5. cxd5 cxd5 6. Qb3 Qb6 7. Nxd5 Qxb3 8. Nxf6+ exf6 9. axb3 Nc6 10. Bb5 Bb4+ 11. Bd2 0-0 12. Bxc6 Bxd2+ 13. Kxd2 bxc6 14. b4 Rab8 15. Kc3 Rb7 16. Nf3 Rfb8 17. Nd2 Rxb4 18. b3 R4b7 19. Ra6 Be6 20. Rb1 Rc7 21. b4 Rb5 22. Rba1 Rbb7 23. Ne4 Rb8 24. Rxa7 Rxa7 25. Rxa7 Bd5 26. Nd6 Bxg2 27. Nxf7 Bd5 28. Nd6 Rd8 29. Nf5 g6 30. Ne7+ Kh8 31. Rc7 Ra8 32. Nxd5 cxd5 33. b5 1-0

[Event "Nea Moudania op 2nd"]
[Site "Nea Moudania"]
[Date "2016.08.24"]
[Round "3"]
[White "Dimitrijevic, Nenad"]
[Black "Stamoulas, Nikos"]
[Result "1-0"]
[WhiteElo "2204"]
[BlackElo "1947"]
[PlyCount "81"]
[EventDate "2016.08.22"]
[EventType "swiss"]
[EventRounds "9"]
[EventCountry "GRE"]
[SourceTitle "CBM 174 Extra"]
[Source "ChessBase"]
[SourceDate "2016.10.10"]
[SourceVersion "1"]
[SourceVersionDate "2016.10.10"]
[SourceQuality "1"]

1. d4 d5 2. Bf4 Nf6 3. e3 Nbd7 4. Nd2 c5 5. c3 e6 6. h3 Qb6 7. Rb1 Bd6 8. Bxd6 Qxd6 9. f4 h5 10. Ngf3 Ne4 11. Nxe4 dxe4 12. Ne5 Nxe5 13. fxe5 Qe7 14. Bb5+ Bd7 15. Bxd7+ Qxd7 16. 0-0 cxd4 17. exd4 Rc8 18. Rf4 Qd5 19. a3 g5 20. Rf6 b5 21. Qe2 a5 22. Rbf1 Rc7 23. Qe3 Rg8 24. Re1 b4 25. axb4 axb4 26. cxb4 Rc4 27. Ra1 Rxd4 28. Ra8+ Qxa8 29. Qxd4 g4 30. h4 g3 31. b5 Rg4 32. b6 Rxh4 33. b3 e3 34. b7 Qxb7 35. Qxh4 e2 36. Qxg3 Qa7+ 37. Kh2 Qa1 38. Qg8+ Kd7 39. Qxf7+ Kc6 40. Qxe6+ Kc5 41. Qc4# 1-0

[Event "GRE-chT 44th"]
[Site "Achaia"]
[Date "2016.07.07"]
[Round "4.11"]
[White "Stamoulas, Nikos"]
[Black "Pappelis, Dimitrios"]
[Result "1/2-1/2"]
[WhiteElo "1919"]
[BlackElo "2105"]
[PlyCount "97"]
[EventDate "2016.07.05"]
[EventType "team-swiss"]
[EventRounds "7"]
[EventCountry "GRE"]
[SourceTitle "CBM 173 Extra"]
[Source "ChessBase"]
[SourceDate "2016.08.29"]
[SourceVersion "1"]
[SourceVersionDate "2016.08.29"]
[SourceQuality "1"]
[WhiteTeam "Xanthi CN"]
[BlackTeam "Heraklion SO"]
[WhiteTeamCountry "GRE"]
[BlackTeamCountry "GRE"]

1. d4 d5 2. Nf3 Nf6 3. Bf4 g6 4. h3 Bg7 5. e3 0-0 6. Nbd2 c5 7. c3 Nc6 8. Ne5 Nd7 9. Nxc6 bxc6 10. Nf3 f6 11. Be2 e5 12. Bh2 Qe7 13. 0-0 Nb6 14. a4 a5 15. Re1 Bf5 16. Nd2 Bh6 17. Bg4 Bd3 18. dxe5 f5 19. Be2 Bxe2 20. Qxe2 Nd7 21. f4 Rf7 22. Nf3 Nf8 23. c4 Ne6 24. Red1 Rd8 25. Bg3 g5 26. fxg5 Bxg5 27. Be1 f4 28. e4 Nd4 29. Rxd4 cxd4 30. exd5 cxd5 31. cxd5 Rxd5 32. Qe4 Rd8 33. Bxa5 Rb8 34. Qxd4 Qa7 35. Qxa7 Rxa7 36. Bc3 Be7 37. a5 Bb4 38. Ra4 Bxc3 39. bxc3 Rc8 40. Rxf4 Rxc3 41. Rg4+ Rg7 42. Rxg7+ Kxg7 43. Kf2 Kg6 44. g4 h5 45. gxh5+ Kxh5 46. Kg3 Ra3 47. Kf4 Rxa5 48. Kf5 Ra3 49. Nd4 1/2-1/2

[Event "GRE-chT 44th"]
[Site "Achaia"]
[Date "2016.07.06"]
[Round "3.12"]
[White "Kadianis, Georgios"]
[Black "Stamoulas, Nikos"]
[Result "1-0"]
[WhiteElo "2040"]
[BlackElo "1919"]
[PlyCount "81"]
[EventDate "2016.07.05"]
[EventType "team-swiss"]
[EventRounds "7"]
[EventCountry "GRE"]
[SourceTitle "CBM 173 Extra"]
[Source "ChessBase"]
[SourceDate "2016.08.29"]
[SourceVersion "1"]
[SourceVersionDate "2016.08.29"]
[SourceQuality "1"]
[WhiteTeam "OFI"]
[BlackTeam "Xanthi CN"]
[WhiteTeamCountry "GRE"]
[BlackTeamCountry "GRE"]

1. e4 e5 2. Nf3 Nc6 3. d4 exd4 4. Nxd4 Bc5 5. Nb3 Bb6 6. Nc3 d6 7. Qe2 Nge7 8. Be3 0-0 9. 0-0-0 f5 10. h4 f4 11. Bxb6 axb6 12. Qd2 Be6 13. Kb1 Ne5 14. Ne2 Qd7 15. Ned4 Bc4 16. Qc3 Bxf1 17. Rhxf1 Kh8 18. g3 Qc8 19. Ne2 fxg3 20. f4 Qg4 21. Rde1 N5g6 22. h5 Qxh5 23. Qxg3 Qh4 24. Qe3 Kg8 25. Nbd4 Qf6 26. Rg1 Qf7 27. a3 c5 28. Nb5 Qc4 29. Nxd6 Qe6 30. Nb5 Nd5 31. Qg3 Qxe4 32. Nd6 Qe3 33. Qg4 Qe7 34. Nc4 Nf6 35. Qg3 Ne4 36. Qb3 Kh8 37. Rxg6 hxg6 38. Rh1+ Kg8 39. Ne5+ Qf7 40. Qh3 Nd2+ 41. Ka1 1-0

[Event "GRE-ch U20"]
[Site "Kavala"]
[Date "2016.01.05"]
[Round "5"]
[White "Stamoulas, Nikos"]
[Black "Papasimakopoulos, Alexandros"]
[Result "1/2-1/2"]
[WhiteElo "1902"]
[BlackElo "2224"]
[PlyCount "61"]
[EventDate "2016.01.02"]
[EventType "swiss"]
[EventRounds "9"]
[EventCountry "GRE"]
[SourceTitle "EXT 2024"]
[Source "ChessBase"]
[SourceDate "2023.10.10"]
[SourceVersion "1"]
[SourceVersionDate "2023.10.10"]
[SourceQuality "1"]

1. d4 Nf6 2. Nf3 e6 3. c3 c5 4. Bf4 Nc6 5. e3 Be7 6. h3 Qb6 7. Qb3 Ne4 8. Qxb6 axb6 9. Nbd2 f5 10. Nxe4 fxe4 11. Ne5 d5 12. Bb5 Bd7 13. Nxd7 Kxd7 14. 0-0 Bd6 15. Bxd6 Kxd6 16. Bxc6 bxc6 17. dxc5+ bxc5 18. Rfd1 Rhb8 19. b3 Ra3 20. Rdb1 c4 21. bxc4 Rxa2 22. Rxa2 Rxb1+ 23. Kh2 Rc1 24. cxd5 exd5 25. Ra7 Rxc3 26. Rxg7 c5 27. Rxh7 d4 28. exd4 cxd4 29. Rh8 d3 30. Rd8+ Kc5 31. h4 1/2-1/2

[Event "GRE-chT 43rd"]
[Site "Porto Rio"]
[Date "2015.10.11"]
[Round "6.1"]
[White "Stamoulas, Nikos"]
[Black "Stathopoulos, Ioannis"]
[Result "0-1"]
[WhiteElo "1888"]
[BlackElo "2338"]
[PlyCount "74"]
[EventDate "2015.10.08"]
[EventType "team-swiss"]
[EventRounds "7"]
[EventCountry "GRE"]
[SourceTitle "CBM 168 Extra"]
[Source "ChessBase"]
[SourceDate "2015.10.29"]
[SourceVersion "1"]
[SourceVersionDate "2015.10.29"]
[SourceQuality "1"]
[WhiteTeam "Thessaloniki"]
[BlackTeam "Peristeriou"]
[WhiteTeamCountry "GRE"]
[BlackTeamCountry "GRE"]

1. e4 c5 2. Nf3 d6 3. d4 cxd4 4. Nxd4 Nf6 5. Nc3 a6 6. Be2 g6 7. Be3 Bg7 8. 0-0 0-0 9. h3 Nc6 10. Qd2 Bd7 11. f4 Rc8 12. Nxc6 Bxc6 13. Bf3 Nd7 14. Rad1 Nb6 15. Be2 Bxc3 16. bxc3 Na4 17. Bd4 Bxe4 18. f5 Bxf5 19. Rxf5 e5 20. Rf3 exd4 21. Qxd4 Qa5 22. Qb4 Qxb4 23. cxb4 Rxc2 24. Bf1 Rd8 25. Re1 Rc7 26. b5 axb5 27. Bxb5 Nc3 28. Bf1 Nxa2 29. Rb3 d5 30. Ra1 Nc3 31. Ra7 Rdd7 32. Bd3 Ne4 33. Ra8+ Kg7 34. Rb6 Rc3 35. Bb5 Rdc7 36. Ba4 Ra3 37. Rb4 Nc5 0-1

[Event "GRE-chT 43rd"]
[Site "Porto Rio"]
[Date "2015.10.08"]
[Round "1.3"]
[White "Stamoulas, Nikos"]
[Black "Loutragotis, Paraskevas Pantelei"]
[Result "1-0"]
[WhiteElo "1888"]
[BlackElo "1643"]
[PlyCount "43"]
[EventDate "2015.10.08"]
[EventType "team-swiss"]
[EventRounds "7"]
[EventCountry "GRE"]
[SourceTitle "CBM 168 Extra"]
[Source "ChessBase"]
[SourceDate "2015.10.29"]
[SourceVersion "1"]
[SourceVersionDate "2015.10.29"]
[SourceQuality "1"]
[WhiteTeam "Thessaloniki"]
[BlackTeam "Glyfadas Zenon"]
[WhiteTeamCountry "GRE"]
[BlackTeamCountry "GRE"]

1. d4 Nf6 2. c4 g6 3. Nc3 d5 4. Nf3 Bg7 5. cxd5 Nxd5 6. e4 Nxc3 7. bxc3 c5 8. Bb5+ Bd7 9. Bxd7+ Qxd7 10. 0-0 Nc6 11. dxc5 Rd8 12. Qe2 Bxc3 13. Rb1 Nd4 14. Nxd4 Bxd4 15. Bh6 Bxc5 16. Rfd1 Qc6 17. Rxd8+ Kxd8 18. Rc1 b6 19. Be3 Qxe4 20. Qb2 Re8 21. Bxc5 bxc5 22. Qb8+ 1-0

[Event "Didymoteicho op 2nd"]
[Site "Didymoteicho"]
[Date "2015.05.29"]
[Round "3"]
[White "Stamoulas, Nikos"]
[Black "Dimitrov, Atanas Valtchev"]
[Result "1/2-1/2"]
[WhiteElo "1945"]
[BlackElo "2321"]
[PlyCount "96"]
[EventDate "2015.05.28"]
[EventType "swiss"]
[EventRounds "7"]
[EventCountry "GRE"]
[SourceTitle "CBM 166 Extra"]
[Source "ChessBase"]
[SourceDate "2015.06.18"]
[SourceVersion "1"]
[SourceVersionDate "2015.06.18"]
[SourceQuality "1"]

1. e4 d6 2. d4 Nf6 3. Nc3 c6 4. Nf3 Bg4 5. h3 Bh5 6. Be2 e6 7. Bg5 Be7 8. e5 Nfd7 9. Bxe7 Qxe7 10. exd6 Qxd6 11. Ne4 Qe7 12. Qd2 Nf6 13. Nxf6+ Qxf6 14. g4 Bg6 15. Ne5 Nd7 16. Nxd7 Kxd7 17. g5 Qe7 18. 0-0-0 Rad8 19. Qa5 Kc8 20. h4 a6 21. Qc3 Qd6 22. Qe3 Qd5 23. b3 Qe4 24. Qxe4 Bxe4 25. f3 Bf5 26. Kb2 h6 27. f4 Be4 28. Rh2 Rd5 29. c4 Rd7 30. Kc3 Bf5 31. Bf3 Kc7 32. b4 hxg5 33. fxg5 g6 34. Rdd2 Rhd8 35. Rhe2 Rh8 36. Rh2 Rhd8 37. Rhe2 Rh8 38. Rh2 e5 39. d5 e4 40. Bh1 Rhd8 41. Rhe2 cxd5 42. Rxd5 Rxd5 43. cxd5 Rxd5 44. Bxe4 Bxe4 45. Rxe4 Kd6 46. Rf4 Ke7 47. Re4+ Kd6 48. Rf4 Ke7 1/2-1/2

[Event "GRE-ch U20 47th"]
[Site "Kavala"]
[Date "2015.01.08"]
[Round "9"]
[White "Stamoulas, Nikos"]
[Black "Kazakos, Emmanouil"]
[Result "1-0"]
[WhiteElo "1965"]
[BlackElo "2166"]
[PlyCount "61"]
[EventDate "2015.01.02"]
[EventType "tourn"]
[EventRounds "9"]
[EventCountry "GRE"]
[SourceTitle "CBM 164 Extra"]
[Source "ChessBase"]
[SourceDate "2015.03.02"]
[SourceVersion "1"]
[SourceVersionDate "2015.03.02"]
[SourceQuality "1"]

1. d4 Nf6 2. Nf3 g6 3. c4 Bg7 4. Nc3 0-0 5. e4 d6 6. Be2 Na6 7. h3 c6 8. Be3 Nc7 9. 0-0 a6 10. a4 a5 11. Qd2 Nd7 12. Bh6 e5 13. Bxg7 Kxg7 14. c5 dxc5 15. dxe5 Ne6 16. Rad1 Qb6 17. Bc4 Re8 18. Bxe6 Rxe6 19. Ng5 Rxe5 20. f4 c4+ 21. Kh1 Re7 22. f5 Qc5 23. e5 Rxe5 24. fxg6 fxg6 25. Nce4 Qb4 26. Qxd7+ Bxd7 27. Rxd7+ Re7 28. Rf7+ Rxf7 29. Rxf7+ Kh8 30. Rxh7+ Kg8 31. Nf6+ 1-0

[Event "Mem Stavros Skondras 1st A"]
[Site "Thessaloniki"]
[Date "2014.10.05"]
[Round "3.7"]
[White "Stamoulas, Nikos"]
[Black "Kesidis, Odyseas"]
[Result "0-1"]
[WhiteElo "2001"]
[BlackElo "2200"]
[PlyCount "86"]
[EventDate "2014.10.03"]
[EventType "swiss"]
[EventRounds "7"]
[EventCountry "GRE"]
[SourceTitle "EXT 2024"]
[Source "ChessBase"]
[SourceDate "2023.10.10"]
[SourceVersion "1"]
[SourceVersionDate "2023.10.10"]
[SourceQuality "1"]

1. e4 e5 2. Nf3 Nc6 3. Bb5 f5 4. d4 fxe4 5. Nxe5 Nxe5 6. dxe5 c6 7. Bc4 Qa5+ 8. Bd2 Qxe5 9. 0-0 d5 10. Bb3 Nf6 11. Bc3 Qg5 12. f4 Qg6 13. Bd4 Bg4 14. Qd2 Be7 15. c4 dxc4 16. Bxc4 Rd8 17. Qf2 Bf3 18. Bxa7 b5 19. Bb3 Ng4 20. Qg3 Be2 21. f5 Qh6 22. Nc3 Bd6 23. Qh3 Qxh3 24. gxh3 Bxf1 25. hxg4 Bd3 26. Nxe4 Bxe4 27. Re1 c5 28. Rxe4+ Kd7 29. Bd5 Ra8 30. Bxa8 Rxa8 31. a4 Rxa7 32. axb5 Rb7 33. g5 Be7 34. f6 gxf6 35. gxf6 Bd6 36. f7 Rxb5 37. Re8 Rxb2 38. f8Q Bxf8 39. Rxf8 c4 40. Rf7+ Kd6 41. Rxh7 c3 42. Rh6+ Ke5 43. Rc6 c2 0-1

[Event "Mem Stavros Skondras 1st A"]
[Site "Thessaloniki"]
[Date "2014.10.04"]
[Round "2.7"]
[White "Sidiropoulos, Nikolaos"]
[Black "Stamoulas, Nikos"]
[Result "1-0"]
[WhiteElo "2125"]
[BlackElo "2001"]
[PlyCount "83"]
[EventDate "2014.10.03"]
[EventType "swiss"]
[EventRounds "7"]
[EventCountry "GRE"]
[SourceTitle "EXT 2024"]
[Source "ChessBase"]
[SourceDate "2023.10.10"]
[SourceVersion "1"]
[SourceVersionDate "2023.10.10"]
[SourceQuality "1"]

1. d4 d5 2. c4 e6 3. Nc3 Nf6 4. Nf3 Nbd7 5. Bf4 c6 6. e3 Be7 7. h3 b6 8. cxd5 exd5 9. Bd3 Bb7 10. 0-0 0-0 11. Rc1 a6 12. Ne5 Nxe5 13. Bxe5 b5 14. Qc2 h6 15. Ne2 Nd7 16. Bh2 Nb6 17. Ng3 Bd6 18. Qe2 Rc8 19. Kh1 Re8 20. b3 Rc7 21. Rc3 Bc8 22. Rfc1 Bd7 23. Bf5 Ba3 24. Rb1 c5 25. Qg4 Rc6 26. dxc5 Bxf5 27. Nxf5 Qf6 28. cxb6 Qxc3 29. b7 h5 30. Qg5 Rb6 31. b8Q Rexb8 32. Bxb8 Rxb8 33. Rd1 g6 34. Rxd5 Qe1+ 35. Kh2 Qxf2 36. Ng3 Re8 37. Nxh5 Be7 38. Qf4 Qxa2 39. Qd4 gxh5 40. Rxh5 Bd6+ 41. Qxd6 Qc2 42. Qg3+ 1-0

[Event "GRE-ch U18"]
[Site "Thessaloniki"]
[Date "2014.01.05"]
[Round "5"]
[White "Stamoulas, Nikos"]
[Black "Zisiadis, Dimitrios"]
[Result "1/2-1/2"]
[WhiteElo "1912"]
[BlackElo "1871"]
[PlyCount "83"]
[EventDate "2014.01.02"]
[EventType "swiss"]
[EventRounds "9"]
[EventCountry "GRE"]
[SourceTitle "EXT 2017"]
[Source "ChessBase"]
[SourceDate "2016.10.25"]
[SourceVersion "1"]
[SourceVersionDate "2016.10.25"]
[SourceQuality "1"]

1. e4 c5 2. Nf3 e6 3. d4 cxd4 4. Nxd4 a6 5. Nc3 Bc5 6. Nb3 Ba7 7. Be2 Nc6 8. 0-0 d6 9. Kh1 Nf6 10. f4 0-0 11. Bf3 Qc7 12. Qe2 Nd4 13. Nxd4 Bxd4 14. Be3 Bxc3 15. bxc3 e5 16. Qd2 Be6 17. f5 Bc4 18. Rfd1 Rfd8 19. Qf2 Qc6 20. Bg5 Kf8 21. Bxf6 gxf6 22. a4 Ke7 23. a5 Rac8 24. Rab1 Bb5 25. Rb3 Qc5 26. Qh4 Bc6 27. Ra1 Qc4 28. Qe1 d5 29. exd5 Bxd5 30. Bxd5 Qxd5 31. Rab1 Rd7 32. h3 Rcc7 33. Qh4 Qxa5 34. Rb6 Rc6 35. Rxb7 Qxc3 36. Rxd7+ Kxd7 37. Rb7+ Kc8 38. Rxf7 Qxc2 39. Rf8+ Kc7 40. Rf7+ Kc8 41. Rf8+ Kc7 42. Rf7+ 1/2-1/2

[Event "GRE-ch U18"]
[Site "Thessaloniki"]
[Date "2014.01.03"]
[Round "2"]
[White "Tsakiris, Haralambos"]
[Black "Stamoulas, Nikos"]
[Result "1/2-1/2"]
[WhiteElo "2121"]
[BlackElo "1912"]
[PlyCount "87"]
[EventDate "2014.01.02"]
[EventType "swiss"]
[EventRounds "9"]
[EventCountry "GRE"]
[SourceTitle "EXT 2017"]
[Source "ChessBase"]
[SourceDate "2016.10.25"]
[SourceVersion "1"]
[SourceVersionDate "2016.10.25"]
[SourceQuality "1"]

1. d4 d5 2. c4 c6 3. Nf3 Nf6 4. Nc3 Bf5 5. cxd5 Nxd5 6. Nd2 Nxc3 7. bxc3 Nd7 8. e4 Bg6 9. f4 e6 10. Bd3 f5 11. Qb3 Nc5 12. dxc5 Qxd3 13. Qxe6+ Be7 14. Rb1 Bf7 15. Qe5 Bh5 16. exf5 0-0 17. f6 Bxf6 18. Qxh5 Bxc3 19. Rb3 Qc2 20. Rxc3 Qxc3 21. 0-0 Rad8 22. Ne4 Qd4+ 23. Nf2 Rd5 24. Qh3 Re8 25. Qb3 Qxc5 26. Qxb7 Qb6 27. Qxb6 axb6 28. Ng4 Re2 29. a3 h5 30. Ne3 Rd3 31. Nf5 Rc3 32. Nd4 Ra2 33. f5 c5 34. Ne6 Rcc2 35. Nf4 b5 36. h3 b4 37. axb4 cxb4 38. Be3 b3 39. Bd4 Ra4 40. Be5 Re4 41. Ba1 h4 42. Ng6 b2 43. Bxb2 Rxb2 44. Rd1 1/2-1/2

[Event "Kavala op 22nd"]
[Site "Kavala"]
[Date "2013.08.07"]
[Round "3"]
[White "Krishna, C Revanth Gopala"]
[Black "Stamoulas, Nikos"]
[Result "1-0"]
[WhiteElo "2339"]
[BlackElo "1873"]
[PlyCount "53"]
[EventDate "2013.08.06"]
[EventType "swiss"]
[EventRounds "9"]
[EventCountry "GRE"]
[SourceTitle "CBM 155 Extra"]
[Source "ChessBase"]
[SourceDate "2013.08.26"]
[SourceVersion "1"]
[SourceVersionDate "2013.08.26"]
[SourceQuality "1"]

1. d4 d5 2. Nf3 Nf6 3. c4 c6 4. e3 e6 5. b3 Be7 6. Bd3 Nbd7 7. 0-0 0-0 8. Bb2 b6 9. Nc3 Bb7 10. Ne5 Nxe5 11. dxe5 Nd7 12. Qc2 g6 13. f4 dxc4 14. Bxc4 b5 15. Bd3 Qb6 16. Qf2 Rad8 17. Rad1 Nc5 18. Bb1 Rxd1 19. Nxd1 Rd8 20. Bd4 Qc7 21. Qg3 Bc8 22. Nf2 Nd7 23. Ng4 c5 24. Nh6+ Kg7 25. f5 Bf8 26. f6+ Kh8 27. Nxf7+ 1-0

[Event "Kavala op 22nd"]
[Site "Kavala"]
[Date "2013.08.07"]
[Round "2"]
[White "Stamoulas, Nikos"]
[Black "Kanmazalp, Ogulcan"]
[Result "1/2-1/2"]
[WhiteElo "1873"]
[BlackElo "2400"]
[PlyCount "138"]
[EventDate "2013.08.06"]
[EventType "swiss"]
[EventRounds "9"]
[EventCountry "GRE"]
[SourceTitle "CBM 155 Extra"]
[Source "ChessBase"]
[SourceDate "2013.08.26"]
[SourceVersion "1"]
[SourceVersionDate "2013.08.26"]
[SourceQuality "1"]

1. e4 c5 2. Nf3 Nc6 3. d4 cxd4 4. Nxd4 g6 5. Nc3 Bg7 6. Be3 Nf6 7. Be2 0-0 8. 0-0 d6 9. Qd2 Bd7 10. f4 Nxd4 11. Bxd4 Bc6 12. Bf3 Nd7 13. Bxg7 Kxg7 14. Rad1 Nc5 15. Qd4+ Kg8 16. e5 Qb6 17. Bxc6 bxc6 18. exd6 exd6 19. b4 Nb7 20. b5 Rfc8 21. Rf2 cxb5 22. Qxb6 axb6 23. Nxb5 Rxa2 24. Nxd6 Nxd6 25. Rxd6 b5 26. Rb6 Ra1+ 27. Rf1 Rxf1+ 28. Kxf1 Rc5 29. h3 h5 30. Kg1 h4 31. Kh2 Kf8 32. Rb8+ Ke7 33. Rb6 Kd7 34. Rf6 Ke7 35. Rb6 Kf8 36. Rb8+ Kg7 37. Rb6 Kh7 38. Rb7 Kg8 39. Rb8+ Kh7 40. Rb7 Kg7 41. Rb6 Rf5 42. c3 Rc5 43. Kg1 Kf8 44. Rb7 Ke8 45. Kf2 Kf8 46. Ke2 Kg8 47. Rb8+ Kg7 48. Rb6 Rf5 49. Ke3 g5 50. fxg5 Rxg5 51. Kf3 f6 52. Rb7+ Kg6 53. Rb8 Rc5 54. Kf2 Kg5 55. Rg8+ Kf5 56. Rh8 Ke4 57. Ke2 Rxc3 58. Rxh4+ Kd5 59. Rf4 Rc2+ 60. Kd3 Rxg2 61. Rf5+ Ke6 62. Rxb5 Rg3+ 63. Ke4 Rxh3 64. Rb6+ Kf7 65. Rb8 Rh4+ 66. Kf5 Rh5+ 67. Kf4 Ra5 68. Rc8 Kg6 69. Rg8+ Kf7 1/2-1/2

[Event "Kavala op-A 21st"]
[Site "Kavala"]
[Date "2012.07.28"]
[Round "5"]
[White "Stamoulas, Nikos"]
[Black "Aznaouridis, Sokratis Panagiot"]
[Result "0-1"]
[WhiteElo "1775"]
[BlackElo "1961"]
[PlyCount "118"]
[EventDate "2012.07.25"]
[EventType "swiss"]
[EventRounds "9"]
[EventCountry "GRE"]
[SourceTitle "EXT 2024"]
[Source "ChessBase"]
[SourceDate "2023.10.10"]
[SourceVersion "1"]
[SourceVersionDate "2023.10.10"]
[SourceQuality "1"]

1. e4 d5 2. exd5 Nf6 3. Nc3 Nxd5 4. Nxd5 Qxd5 5. Qf3 Qd6 6. c3 c5 7. Qg3 e6 8. Qxd6 Bxd6 9. Nf3 b6 10. d4 Bb7 11. dxc5 bxc5 12. Be3 Nd7 13. 0-0-0 Ke7 14. Be2 Nb6 15. c4 Rac8 16. Rd2 Bxf3 17. gxf3 e5 18. Rhd1 Rhd8 19. b3 Rd7 20. Bf1 f5 21. Rc2 Ke6 22. Bg2 Rcd8 23. Kb1 Be7 24. Rxd7 Nxd7 25. Bc1 g5 26. Rd2 Nf8 27. Rxd8 Bxd8 28. Kc2 Ng6 29. Bf1 Nf4 30. a3 Ba5 31. Be3 Kd6 32. Bxf4 exf4 33. Kd3 Ke5 34. h3 h5 35. Be2 Be1 36. Bd1 Bxf2 37. Be2 Be3 38. Bd1 a5 39. a4 Kf6 40. Be2 g4 41. fxg4 fxg4 42. hxg4 h4 43. Bf3 Kg5 44. Ke4 h3 45. Kd3 Kh4 46. Ke4 h2 47. Kd3 Bd4 48. Ke4 Kg3 49. g5 Bg7 50. Bh1 Kg4 51. Bg2 Kxg5 52. Kf3 Be5 53. Bh1 Kf5 54. Kg2 Kg4 55. Kxh2 f3+ 56. Kg1 Kg3 57. Kf1 Bd4 58. Ke1 Be3 59. Kd1 Kf2 0-1

[Event "Kavala op-A 21st"]
[Site "Kavala"]
[Date "2012.07.27"]
[Round "4"]
[White "Stamoulas, Nikos"]
[Black "Asimenios, Asterios"]
[Result "1-0"]
[WhiteElo "1775"]
[BlackElo "1993"]
[PlyCount "105"]
[EventDate "2012.07.25"]
[EventType "swiss"]
[EventRounds "9"]
[EventCountry "GRE"]
[SourceTitle "EXT 2024"]
[Source "ChessBase"]
[SourceDate "2023.10.10"]
[SourceVersion "1"]
[SourceVersionDate "2023.10.10"]
[SourceQuality "1"]

1. e4 Nf6 2. e5 Nd5 3. d4 d6 4. c4 Nb6 5. Nf3 g6 6. exd6 cxd6 7. Nc3 Bg7 8. Be2 0-0 9. 0-0 Nc6 10. Be3 Bg4 11. Rc1 Bxf3 12. gxf3 d5 13. c5 Nc4 14. Bxc4 dxc4 15. Ne2 Qd5 16. Nf4 Qg5+ 17. Kh1 Qf5 18. Rxc4 Rad8 19. d5 g5 20. Qd3 Qxd3 21. Nxd3 Rxd5 22. Nb4 Rf5 23. Nxc6 bxc6 24. Ra4 Bxb2 25. Rxa7 Rc8 26. Rxe7 Ba3 27. Ra7 Bb4 28. Rc1 Rd5 29. Ra4 Bd2 30. Bxd2 Rxd2 31. Kg2 Rd5 32. Ra6 Kg7 33. a4 Kf6 34. a5 Rc7 35. Rb6 Rd8 36. a6 Ra8 37. Rd1 Ke5 38. Rd6 Rac8 39. Kf1 f5 40. Ke2 Kf4 41. Rb4+ Ke5 42. Kd3 h5 43. Kc3 f4 44. Rb6 Kf5 45. Kb4 g4 46. Ka5 h4 47. fxg4+ Kxg4 48. Rb7 h3 49. Rxc7 Rxc7 50. Kb6 Rh7 51. a7 Rxa7 52. Kxa7 Kf3 53. Rf6 1-0

[Event "EU School-ch U15"]
[Site "Thessaloniki"]
[Date "2010.04.05"]
[Round "1"]
[White "Stamoulas, Nikos"]
[Black "Fataliyeva, Ulviyya Hasil Qizi"]
[Result "0-1"]
[WhiteElo "1611"]
[BlackElo "1974"]
[PlyCount "128"]
[EventDate "2010.04.05"]
[EventType "swiss"]
[EventRounds "9"]
[EventCountry "GRE"]
[SourceTitle "CBM 136 Extra"]
[Source "ChessBase"]
[SourceDate "2010.07.02"]
[SourceVersion "2"]
[SourceVersionDate "2010.07.15"]
[SourceQuality "1"]

1. e4 e6 2. d4 d5 3. exd5 exd5 4. Bd3 Nc6 5. c3 Bd6 6. Be3 Nge7 7. h3 Be6 8. Nf3 f6 9. Nbd2 Qd7 10. Nb3 Nf5 11. Bd2 0-0-0 12. Qc2 Rde8 13. 0-0-0 g5 14. Rhe1 Nh6 15. h4 Ng4 16. Rxe6 Rxe6 17. Bf5 Nxf2 18. Bxe6 Qxe6 19. Re1 Qg4 20. hxg5 Ne4 21. gxf6 Qxg2 22. Ng5 Bg3 23. Rd1 Bh4 24. Nxe4 dxe4 25. Nc5 Bxf6 26. Qxe4 Qxe4 27. Nxe4 Be7 28. Be3 Re8 29. d5 Bh4 30. dxc6 Rxe4 31. cxb7+ Kxb7 32. Rd4 Rxd4 33. Bxd4 Bg3 34. Kd2 a6 35. Ke3 h5 36. Kf3 h4 37. Kg4 Kc6 38. c4 Be1 39. a3 a5 40. b3 Kd6 41. Be3 c6 42. Bd4 Ke6 43. Bg7 Kf7 44. Bd4 Ke6 45. Bc5 Ke5 46. b4 a4 47. b5 cxb5 48. cxb5 Ke6 49. Be3 Bg3 50. Bd4 Kd5 51. Be3 Kc4 52. b6 Kd5 53. Bg1 Kc6 54. Be3 Bd6 55. Kxh4 Bxa3 56. Bh6 Be7+ 57. Kg4 a3 58. Bg7 Kxb6 59. Kf3 Kb5 60. Ke2 Kc4 61. Kd2 Kb3 62. Kc1 a2 63. Ba1 Ba3+ 64. Kd2 Bb2 0-1